000
00195 a2200097 4500
001
2139
100
_a
Bizony, M T
245
_a
Space Encyclopaedia
260
_a
_b
Dutton
_c
090
_c
1573
_d
1573
942
_a
NUST-CAE
_c
M
_c
6369
999
_c
237212
_d
237212